[Event "Canadian zt"]
[Site "Toronto"]
[Date "2024.03.30"]
[Round "6"]
[White "Doknjas, John"]
[Black "Dukic, Zachary"]
[Result "0-1"]
[WhiteElo "2190"]
[BlackElo "2266"]
[PlyCount "116"]
[EventDate "2024.03.27"]
[EventType "team-swiss"]
[EventRounds "10"]
[EventCountry "CAN"]
[SourceTitle "CB15_2024"]
[SourceDate "2024.04.10"]
[SourceVersion "1"]
[SourceVersionDate "2024.04.10"]
[SourceQuality "1"]

1. c4 c5 2. Nc3 Nc6 3. Nf3 g6 4. e3 Nf6 5. d4 cxd4 6. exd4 d5 7. cxd5 Nxd5 8. Qb3 Nxc3 9. Bc4 Nd5 10. Bxd5 e6 11. Bxc6+ bxc6 12. 0-0 Qd5 13. Qd3 Bb7 14. Bd2 Rg8 15. Rfe1 g5 16. Qb3 Qxb3 17. axb3 c5 18. dxc5 g4 19. Ng5 Bxc5 20. Ne4 Be7 21. Bc3 Rg6 22. Bd4 Bd5 23. Bxa7 Bxb3 24. Bc5 Bd5 25. Bxe7 Kxe7 26. Nc3 Rxa1 27. Nxd5+ Kd6 28. Rxa1 Kxd5 29. Ra7 Rf6 30. Ra5+ Ke4 31. Rg5 Kf4 32. Rg7 h5 33. g3+ Ke4 34. Rg5 Rh6 35. b4 f5 36. Rg7 e5 37. Rc7 h4 38. gxh4 Rxh4 39. b5 Rh3 40. Rc4+ Kd5 41. Rb4 Kc5 42. Rb1 Kb6 43. Rd1 Rb3 44. Rd6+ Kc5 45. Rf6 f4 46. Kg2 Rb1 47. Rf5 Kd4 48. b6 Rxb6 49. Rg5 f3+ 50. Kg3 e4 51. Rxg4 Kd3 52. h4 Rf6 53. Rg8 e3 54. Re8 e2 55. h5 Kd2 56. Rd8+ Ke1 57. h6 Rxh6 58. Kxf3 Kf1 0-1

[Event "Canadian zt"]
[Site "Toronto"]
[Date "2024.03.29"]
[Round "4"]
[White "Dukic, Zachary"]
[Black "Kalinin, Dmitry2"]
[Result "1-0"]
[WhiteElo "2266"]
[BlackElo "1997"]
[PlyCount "67"]
[EventDate "2024.03.27"]
[EventType "team-swiss"]
[EventRounds "10"]
[EventCountry "CAN"]
[SourceTitle "CB15_2024"]
[SourceDate "2024.04.10"]
[SourceVersion "1"]
[SourceVersionDate "2024.04.10"]
[SourceQuality "1"]

1. e4 e6 2. d4 d5 3. Nc3 Nf6 4. e5 Nfd7 5. f4 c5 6. Nf3 Nc6 7. Be3 a6 8. a3 b5 9. Bd3 Qb6 10. 0-0 cxd4 11. Bf2 b4 12. axb4 Bxb4 13. Na4 Qc7 14. Nxd4 Nxd4 15. Bxd4 Bc5 16. Nxc5 Nxc5 17. b4 Nxd3 18. cxd3 Bd7 19. Bc5 Bb5 20. Rc1 h5 21. Kh1 Qd7 22. Bd6 Bc6 23. Rc5 Qb7 24. Qf3 f5 25. exf6 gxf6 26. Rfc1 Rc8 27. f5 Kd7 28. Bg3 e5 29. d4 h4 30. Bxe5 fxe5 31. dxe5 Qxb4 32. Rxc6 Qd4 33. e6+ Ke7 34. f6+ 1-0

[Event "Toronto Excelsior op"]
[Site "Toronto"]
[Date "2023.09.07"]
[Round "4"]
[White "Dukic, Zachary"]
[Black "Mikhalevski, Victor"]
[Result "0-1"]
[WhiteElo "2198"]
[BlackElo "2511"]
[PlyCount "72"]
[EventDate "2023.09.06"]
[EventType "swiss"]
[EventRounds "9"]
[EventCountry "CAN"]
[SourceTitle "EXT 2024"]
[Source "ChessBase"]
[SourceDate "2023.10.10"]
[SourceVersion "1"]
[SourceVersionDate "2023.10.10"]
[SourceQuality "1"]

1. e4 e5 2. Nf3 Nc6 3. d4 exd4 4. Nxd4 Nf6 5. Nxc6 bxc6 6. e5 Qe7 7. Qe2 Nd5 8. h4 d6 9. c4 Nb6 10. exd6 cxd6 11. Be3 d5 12. Nd2 Be6 13. c5 Nd7 14. b4 Rb8 15. Bg5 f6 16. Bf4 Ne5 17. Bxe5 fxe5 18. Qxe5 Rxb4 19. a3 Ra4 20. Be2 Bg4 21. Qb8+ Kf7 22. Nf3 Bxf3 23. gxf3 g6 24. h5 g5 25. h6 Bg7 26. Qb3 Bxa1 27. Qxa4 Qxc5 28. 0-0 Re8 29. Bd3 Bd4 30. Qb3 Re6 31. Bxh7 Rxh6 32. Qb7+ Qe7 33. Bg8+ Kf8 34. Qxe7+ Kxe7 35. Bxd5 cxd5 36. Rd1 Rh4 0-1

[Event "CAN Transnational op"]
[Site "Montreal"]
[Date "2023.06.11"]
[Round "8"]
[White "Demchenko, Svitlana"]
[Black "Dukic, Zachary"]
[Result "1/2-1/2"]
[WhiteElo "2173"]
[BlackElo "2151"]
[PlyCount "54"]
[EventDate "2023.06.06"]
[EventType "swiss"]
[EventRounds "9"]
[EventCountry "CAN"]
[SourceTitle "CBM 214 Extra"]
[Source "ChessBase"]
[SourceDate "2023.07.31"]
[SourceVersion "1"]
[SourceVersionDate "2023.07.31"]
[SourceQuality "1"]

1. Nf3 c5 2. g3 Nc6 3. Bg2 g6 4. 0-0 Bg7 5. d3 d6 6. Nc3 e5 7. e4 Nge7 8. Be3 0-0 9. Qd2 Nd4 10. Ne1 f5 11. f4 fxe4 12. dxe4 Be6 13. Nf3 exf4 14. gxf4 Nec6 15. Kh1 Nxf3 16. Rxf3 Nd4 17. Rg3 Bf7 18. f5 gxf5 19. Bh6 Bg6 20. exf5 Nxf5 21. Bd5+ Kh8 22. Bxg7+ Kxg7 23. Rh3 Qf6 24. Rg1 Nh4 25. Qe1 Nf5 26. Qd2 Qd4 27. Qg5 Qf6 1/2-1/2

[Event "Toronto Excelsior GM 03"]
[Site "Toronto"]
[Date "2023.03.15"]
[Round "5"]
[White "Dukic, Zachary"]
[Black "Ivanov, Mike"]
[Result "1/2-1/2"]
[WhiteElo "2238"]
[BlackElo "2299"]
[PlyCount "148"]
[EventDate "2023.03.13"]
[EventType "tourn"]
[EventRounds "9"]
[EventCountry "CAN"]
[EventCategory "7"]
[SourceTitle "CBM 213 Extra"]
[Source "ChessBase"]
[SourceDate "2023.05.31"]
[SourceVersion "1"]
[SourceVersionDate "2023.05.31"]
[SourceQuality "1"]

1. e4 e6 2. d4 d5 3. Bd3 dxe4 4. Bxe4 Nf6 5. Bf3 Nc6 6. Ne2 e5 7. Bxc6+ bxc6 8. 0-0 e4 9. c4 Bd6 10. Nbc3 0-0 11. Qa4 Bd7 12. c5 Be7 13. Ng3 Nd5 14. Ngxe4 f5 15. Nd2 f4 16. Nf3 Bf6 17. Nxd5 cxd5 18. c6 Bg4 19. Bxf4 Bxf3 20. gxf3 Bg5 21. Bg3 Rxf3 22. Qa5 Rf7 23. Rfe1 Bf4 24. Re6 Qg5 25. Qe1 Raf8 26. Re8 Qf6 27. Rxf8+ Kxf8 28. Qb4+ Kg8 29. Re1 h5 30. Qc3 h4 31. Bxf4 Qxf4 32. Qe3 Qf6 33. Re2 Qg6+ 34. Kf1 Qb1+ 35. Re1 Qxb2 36. Qe8+ Rf8 37. Qe6+ Kh8 38. Qe3 Qxa2 39. Qe2 Qxe2+ 40. Rxe2 Rf6 41. Re5 Rxc6 42. Rxd5 Kg8 43. Ra5 a6 44. Ke2 Kf7 45. f4 Rc2+ 46. Kf3 Rxh2 47. Rxa6 Rc2 48. Kg4 Rc4 49. d5 Ke7 50. Rg6 Kf7 51. Ra6 Rc5 52. d6 cxd6 53. Rxd6 Rc4 54. Kxh4 Rxf4+ 55. Kg5 Rf1 56. Rd7+ Kg8 57. Ra7 Kh7 58. Rb7 Ra1 59. Rb2 Ra5+ 60. Kg4 Kh6 61. Kg3 Ra3+ 62. Kg2 Kh5 63. Rb4 g5 64. Rc4 Kg6 65. Rc6+ Kf5 66. Rc5+ Kg4 67. Rc4+ Kh5 68. Rb4 Re3 69. Ra4 Kg6 70. Ra6+ Kf5 71. Ra5+ Kf4 72. Ra4+ Re4 73. Rxe4+ Kxe4 74. Kg3 Ke5 1/2-1/2

[Event "Toronto Excelsior GM 03"]
[Site "Toronto"]
[Date "2023.03.14"]
[Round "4"]
[White "Posthuma, Joshua G"]
[Black "Dukic, Zachary"]
[Result "1-0"]
[WhiteElo "2441"]
[BlackElo "2238"]
[PlyCount "85"]
[EventDate "2023.03.13"]
[EventType "tourn"]
[EventRounds "9"]
[EventCountry "CAN"]
[EventCategory "7"]
[SourceTitle "CBM 213 Extra"]
[Source "ChessBase"]
[SourceDate "2023.05.31"]
[SourceVersion "1"]
[SourceVersionDate "2023.05.31"]
[SourceQuality "1"]

1. Nf3 d5 2. g3 Nd7 3. d4 Nb6 4. Bg2 Bf5 5. Nh4 e6 6. Nxf5 exf5 7. Nd2 c6 8. c4 Bb4 9. cxd5 cxd5 10. 0-0 Ne7 11. Nb3 Rc8 12. Nc5 0-0 13. Nxb7 Qd7 14. Bd2 Bxd2 15. Nc5 Rxc5 16. dxc5 Nc4 17. b3 Bc3 18. bxc4 Bxa1 19. Qxa1 dxc4 20. Rc1 Rd8 21. Rxc4 Qd1+ 22. Qxd1 Rxd1+ 23. Bf1 Nc6 24. f4 Kf8 25. Kf2 Ke7 26. Bg2 Rd4 27. Rc3 Kd7 28. Rd3 Rxd3 29. exd3 Nb4 30. Ke3 Nxa2 31. Bd5 Nb4 32. Bxf7 Kc6 33. Kd4 Nc2+ 34. Kc3 Ne3 35. d4 a5 36. Kd3 Nf1 37. Be6 a4 38. Bxf5 a3 39. Kc3 h6 40. Be4+ Kd7 41. Bd3 Nxh2 42. Be2 h5 43. Kb3 1-0

[Event "Toronto Excelsior GM 03"]
[Site "Toronto"]
[Date "2023.03.13"]
[Round "2"]
[White "Dukic, Zachary"]
[Black "Atanasov, Anthony"]
[Result "0-1"]
[WhiteElo "2238"]
[BlackElo "2361"]
[PlyCount "154"]
[EventDate "2023.03.13"]
[EventType "tourn"]
[EventRounds "9"]
[EventCountry "CAN"]
[EventCategory "7"]
[SourceTitle "CBM 213 Extra"]
[Source "ChessBase"]
[SourceDate "2023.05.31"]
[SourceVersion "1"]
[SourceVersionDate "2023.05.31"]
[SourceQuality "1"]

1. e4 e5 2. Nf3 Nf6 3. Nxe5 d6 4. Nf3 Nxe4 5. d4 d5 6. Bd3 Bd6 7. 0-0 0-0 8. c4 c6 9. Qc2 f5 10. Nc3 Be6 11. Qb3 Qb6 12. Qxb6 axb6 13. cxd5 Bxd5 14. Nxd5 cxd5 15. Ne1 Nc6 16. Nc2 f4 17. Re1 Rfe8 18. f3 Ng5 19. Rxe8+ Rxe8 20. Bd2 g6 21. Bc3 Kf7 22. Bb5 Ne6 23. Ba4 Rd8 24. Kf2 Be7 25. Ke2 Bf6 26. Kd3 Ncxd4 27. Bxd4 Bxd4 28. Nxd4 Nc5+ 29. Kd2 Nxa4 30. Rc1 Nxb2 31. Rc7+ Kf6 32. Rxh7 Nc4+ 33. Kc3 Ra8 34. Ne2 g5 35. Nc1 Rc8 36. Nb3 Ne5+ 37. Kd2 Nf7 38. g4 Ra8 39. h4 Rxa2+ 40. Kc3 Kg6 41. Rh5 Rf2 42. Nd4 gxh4 43. Nf5 Rxf3+ 44. Kd4 Rf1 45. Nxh4+ Kg7 46. Kxd5 f3 47. Ke4 f2 48. Kf3 Rg1 49. Kxf2 Rxg4 50. Nf3 Rb4 51. Rd5 Kf6 52. Rd7 Rb2+ 53. Ke1 Ke6 54. Rxb7 Nd6 55. Rh7 Kd5 56. Kd1 Nc4 57. Rd7+ Kc5 58. Kc1 Rf2 59. Nd4 Kb4 60. Rh7 Ne5 61. Nc2+ Kc4 62. Rc7+ Kb3 63. Nd4+ Ka4 64. Rc3 Kb4 65. Rh3 Kc4 66. Nc2 Nd3+ 67. Kb1 Rd2 68. Rh8 Kc3 69. Rc8+ Nc5 70. Ne3 Rd3 71. Ng4 Rd1+ 72. Ka2 Rd2+ 73. Kb1 Rb2+ 74. Ka1 Kb3 75. Rb8 Na4 76. Ne3 Re2 77. Nc2 Rxc2 0-1

[Event "Hollywood Masters op"]
[Site "Los Angeles"]
[Date "2022.10.29"]
[Round "7"]
[White "Cordova, Emilio"]
[Black "Dukic, Zachary"]
[Result "1-0"]
[WhiteElo "2554"]
[BlackElo "2254"]
[PlyCount "103"]
[EventDate "2022.10.26"]
[EventType "swiss"]
[EventRounds "9"]
[EventCountry "USA"]
[SourceTitle "EXT 2024"]
[Source "ChessBase"]
[SourceDate "2023.10.10"]
[SourceVersion "1"]
[SourceVersionDate "2023.10.10"]
[SourceQuality "1"]

1. Nf3 c5 2. e3 Nc6 3. d4 cxd4 4. exd4 d5 5. c3 Bg4 6. h3 Bxf3 7. Qxf3 e6 8. Bd3 Nf6 9. 0-0 Bd6 10. Re1 0-0 11. Qd1 e5 12. dxe5 Bxe5 13. Nd2 Bf4 14. Qa4 d4 15. Nf3 Bxc1 16. Raxc1 dxc3 17. Rxc3 Nd5 18. Rc5 Ndb4 19. Bb1 g6 20. Rb5 Na6 21. Rxb7 Nc5 22. Qxc6 Nxb7 23. Qxb7 Rb8 24. Qxa7 Rxb2 25. a4 Re8 26. Rxe8+ Qxe8 27. Bd3 Ra2 28. Bc4 Rxa4 29. Bxf7+ Kg7 30. Bxe8+ Rxa7 31. g4 Re7 32. Bb5 Rb7 33. Bf1 Rb2 34. Kg2 Ra2 35. Ng5 Rb2 36. Kg3 Rb1 37. Bg2 Rg1 38. h4 Kg8 39. Nh3 Ra1 40. Be4 Kg7 41. g5 Re1 42. f3 Ra1 43. Nf4 Ra5 44. Kg4 Ra1 45. Ne2 Ra2 46. Ng3 Rb2 47. h5 Ra2 48. hxg6 hxg6 49. Kf4 Rb2 50. Nf1 Rg2 51. Ne3 Rh2 52. Nc4 1-0

[Event "Hollywood Masters op"]
[Site "Los Angeles"]
[Date "2022.10.29"]
[Round "8"]
[White "Dukic, Zachary"]
[Black "Griffith, Kyron"]
[Result "1-0"]
[WhiteElo "2254"]
[BlackElo "2354"]
[PlyCount "57"]
[EventDate "2022.10.26"]
[EventType "swiss"]
[EventRounds "9"]
[EventCountry "USA"]
[SourceTitle "EXT 2024"]
[Source "ChessBase"]
[SourceDate "2023.10.10"]
[SourceVersion "1"]
[SourceVersionDate "2023.10.10"]
[SourceQuality "1"]

1. e4 c5 2. Nf3 Nc6 3. d4 cxd4 4. Nxd4 Nf6 5. Nc3 e6 6. Nxc6 bxc6 7. e5 Nd5 8. Ne4 Qc7 9. f4 Qb6 10. c4 Bb4+ 11. Ke2 f5 12. exf6 Nxf6 13. Be3 Qa5 14. Nxf6+ gxf6 15. Kf2 h5 16. Qc2 Be7 17. c5 e5 18. Bd3 Rb8 19. fxe5 fxe5 20. Rhf1 Qb4 21. b3 a5 22. Kg1 h4 23. Bc4 Kd8 24. a3 Qb7 25. Rf7 Re8 26. Rxe7 Rxe7 27. Bg5 Qa7 28. Qf2 Ke8 29. Rf1 1-0

[Event "Calgary 13th"]
[Site "Calgary"]
[Date "2022.09.24"]
[Round "8"]
[White "Jaferian, Koosha"]
[Black "Dukic, Zachary"]
[Result "1/2-1/2"]
[WhiteElo "2236"]
[BlackElo "2218"]
[PlyCount "45"]
[EventDate "2022.09.20"]
[EventType "tourn"]
[EventRounds "9"]
[EventCountry "CAN"]
[SourceTitle "CBM 210 Extra"]
[Source "ChessBase"]
[SourceDate "2022.11.30"]
[SourceVersion "1"]
[SourceVersionDate "2022.11.30"]
[SourceQuality "1"]

1. d4 Nf6 2. Bg5 g6 3. Bxf6 exf6 4. e3 Bg7 5. g3 0-0 6. Bg2 f5 7. Ne2 d6 8. 0-0 Nd7 9. c4 Nf6 10. Nbc3 h5 11. b4 h4 12. Qd3 hxg3 13. hxg3 Rb8 14. b5 b6 15. Nf4 a5 16. Ncd5 Nxd5 17. Bxd5 Qf6 18. Kg2 Bh6 19. Rh1 Bxf4 20. gxf4 Kg7 21. Rh3 Bd7 22. Rah1 Rh8 23. Rxh8 1/2-1/2

[Event "Calgary 13th"]
[Site "Calgary"]
[Date "2022.09.20"]
[Round "1"]
[White "Dukic, Zachary"]
[Black "Panchanathan, Magesh Chandran"]
[Result "1-0"]
[WhiteElo "2218"]
[BlackElo "2470"]
[PlyCount "97"]
[EventDate "2022.09.20"]
[EventType "tourn"]
[EventRounds "9"]
[EventCountry "CAN"]
[SourceTitle "CBM 210 Extra"]
[Source "ChessBase"]
[SourceDate "2022.11.30"]
[SourceVersion "1"]
[SourceVersionDate "2022.11.30"]
[SourceQuality "1"]

1. e4 e5 2. Nf3 Nc6 3. Bb5 a6 4. Ba4 Nf6 5. 0-0 Be7 6. d3 b5 7. Bb3 d6 8. a3 0-0 9. Nc3 Nb8 10. Ne2 h6 11. Ng3 c5 12. c3 Nc6 13. h3 Re8 14. d4 Bf8 15. d5 Ne7 16. Nh2 Ng6 17. Bc2 c4 18. Ng4 Nf4 19. Nxf6+ Qxf6 20. Nh5 Qh4 21. Bxf4 exf4 22. Qf3 g6 23. Nxf4 Bg7 24. Ne2 Bd7 25. Nd4 a5 26. Qd1 Qf4 27. Ne2 Qg5 28. f4 Qh4 29. Qd2 b4 30. Rae1 Rab8 31. axb4 axb4 32. cxb4 Bxb2 33. Rb1 Bg7 34. Nd4 Ra8 35. Nc6 Bxh3 36. Qf2 Qh5 37. gxh3 Ra3 38. Bd1 Qxh3 39. Bf3 Rea8 40. Qg2 Qh4 41. Qh2 Qf6 42. b5 Ra2 43. Qg3 Qc3 44. b6 Bd4+ 45. Kh1 Bxb6 46. Rxb6 Ra1 47. Rbb1 Rxb1 48. Rxb1 Qe3 49. Re1 1-0

[Event "Washington op 9th"]
[Site "Rockville"]
[Date "2022.08.13"]
[Round "1"]
[White "Khanin, Semen"]
[Black "Dukic, Zachary"]
[Result "1-0"]
[WhiteElo "2554"]
[BlackElo "2253"]
[PlyCount "58"]
[EventDate "2022.08.13"]
[EventType "swiss"]
[EventRounds "9"]
[EventCountry "USA"]
[SourceTitle "CBM 209 Extra"]
[Source "ChessBase"]
[SourceDate "2022.09.30"]
[SourceVersion "1"]
[SourceVersionDate "2022.09.30"]
[SourceQuality "1"]

1. e4 e5 2. Nf3 Nc6 3. Bb5 a6 4. Ba4 Nf6 5. 0-0 Be7 6. Re1 b5 7. Bb3 0-0 8. d3 d6 9. Bd2 Bb7 10. a3 Qd7 11. Nc3 Nd8 12. Ne2 Ne6 13. Ng3 Rfc8 14. Ng5 Nxg5 15. Bxg5 c5 16. Nf5 Bd8 17. Qf3 c4 18. Ba2 Qe6 19. dxc4 bxc4 20. Rad1 d5 21. Bxf6 Qxf6 22. exd5 Rc5 23. Qe4 Rac8 24. Qxe5 Qxe5 25. Rxe5 Bf6 26. Ne7+ Kf8 27. Nxc8 Bxe5 28. Nb6 Ke7 29. Re1 Kf6 1-0

[Event "Canadian-ch op"]
[Site "Hamilton"]
[Date "2022.07.14"]
[Round "5"]
[White "Liang, Jason"]
[Black "Dukic, Zachary"]
[Result "1/2-1/2"]
[WhiteElo "2460"]
[BlackElo "2234"]
[PlyCount "73"]
[EventDate "2022.07.12"]
[EventType "swiss"]
[EventRounds "9"]
[EventCountry "CAN"]
[SourceTitle "CBM 209 Extra"]
[Source "ChessBase"]
[SourceDate "2022.09.30"]
[SourceVersion "1"]
[SourceVersionDate "2022.09.30"]
[SourceQuality "1"]

1. e4 c5 2. Nf3 Nc6 3. Bb5 g6 4. 0-0 Bg7 5. c3 e5 6. d4 cxd4 7. cxd4 exd4 8. Bf4 a6 9. Ba4 Nge7 10. Bd6 b5 11. Bb3 Bb7 12. Ng5 0-0 13. Qf3 Qe8 14. Qg3 Na5 15. Nd2 h6 16. Ngf3 Rc8 17. Rfe1 Qd8 18. Ne5 Nxb3 19. Nxb3 Bxe4 20. Nxd4 Nf5 21. Nxf5 Bxf5 22. Bxf8 Qxf8 23. Rad1 Qb4 24. Qb3 Qxb3 25. axb3 Rc2 26. Nxd7 Bxb2 27. Re8+ Kg7 28. h3 a5 29. Ra8 Bc3 30. Nb6 Be6 31. Nd5 Bd2 32. Nc7 Bxb3 33. Ne8+ Kh7 34. Nf6+ Kg7 35. Ne8+ Kh7 36. Nf6+ Kg7 37. Ne8+ 1/2-1/2

[Event "Sunway Formentera op 1st"]
[Site "Sant Ferran de ses Roques"]
[Date "2022.05.06"]
[Round "8"]
[White "Garcia Martin, Marta"]
[Black "Dukic, Zachary"]
[Result "1-0"]
[WhiteElo "2299"]
[BlackElo "2226"]
[PlyCount "114"]
[EventDate "2022.04.29"]
[EventType "swiss"]
[EventRounds "10"]
[EventCountry "ESP"]
[SourceTitle "EXT 2023"]
[Source "ChessBase"]
[SourceDate "2022.10.05"]
[SourceVersion "1"]
[SourceVersionDate "2022.10.05"]
[SourceQuality "1"]

1. e4 c6 2. d4 d5 3. e5 Bf5 4. Nd2 e6 5. Nb3 Nd7 6. Nf3 c5 7. dxc5 Bxc5 8. Nxc5 Nxc5 9. Be3 Nd7 10. Nd4 Ne7 11. f4 Be4 12. Nf3 0-0 13. Be2 b5 14. 0-0 b4 15. Qd2 Qb8 16. a3 Rc8 17. Rfc1 a5 18. axb4 Qxb4 19. Qxb4 axb4 20. Bb5 Nf8 21. Rxa8 Rxa8 22. Ne1 Nf5 23. Bf2 Ng6 24. g3 h5 25. Be2 h4 26. b3 f6 27. exf6 gxf6 28. Nd3 hxg3 29. hxg3 Kf7 30. Nc5 Nd6 31. Be1 Rg8 32. Bh5 Rh8 33. g4 f5 34. Ra1 Nb5 35. Nxe4 dxe4 36. Bxb4 fxg4 37. Bxg4 Nxf4 38. Kf2 Nd5 39. Bc5 Rh2+ 40. Kg3 Rxc2 41. Rf1+ Kg6 42. b4 Nbc7 43. Kh4 Nf6 44. Bd1 Rd2 45. Be3 Rh2+ 46. Kg3 Ra2 47. Bd4 Ncd5 48. b5 Ra3+ 49. Kh4 Rd3 50. Be5 Nd7 51. Bb2 Ne3 52. Bh5+ Kh6 53. Bc1 Nb6 54. Rf6+ Kh7 55. Rxe6 Nbd5 56. Bg6+ Kg8 57. Kg5 Nc7 1-0